000 00762 a2200253 4500
001 200130330
003 TR-AnTOB
005 20250131113444.0
008 130822s2012 tu 000 0
040 _aTR-AnTOB
_cTR-AnTOB
041 _atur
050 _aHC427
_b.S262 2012
090 _aHC427
_b.S262 2012
100 1 _aSandıklı, Atilla
_9101905
245 1 0 _aBilgesam heyeti'nin Çin Halk Cumhuriyeti ziyareti :
_bSonuç raporu /
_cAtilla Sandıklı.
264 1 _aİstanbul:
_bBilgesam,
_c2012
300 _a28 p;
_c18 cm
651 0 _975388
_aChina
_xEconomic policy
651 0 _aChina
_xEconomic conditions
_939574
651 7 _aÇin
_xEkonomik durum
_2etuturkob
_978123
651 7 _aÇin
_xEkonomi politikası
_2etuturkob
_943453
942 _cBK
_2lcc
999 _c200130330
_d30833